000 00462nam a2200181Ia 4500
001 13757
005 20260306164824.0
008 260306t2014||||xx |||||||||||||| ||spa||
041 _aESP
082 _a005.133C2
_bV66 2014
100 _aVillalobos, Ricardo Marcelo
_eAUT
245 0 _aFundamentos de programación C#:
_bmás de 100 algoritmos codificados
260 _c2014
300 _a
_c
650 _aGEN
654 _aCCC
942 _cLIB
_dJUS
_fJUS
_2ddc
_n
999 _c13757
_d13757